Bundesliga 2014-2015 Top scorers - Statistics

General Stats
  • This quiz has been taken 22 times
  • The average score is 8 of 10
Answer Stats
Goals Nationality Club Player % Correct
17 Netherlands Bayern Munich Arjen Robben
100%
16 Gabon Borussia Dortmund Pierre-Emerick Aubameyang
100%
17 Poland Bayern Munich Robert Lewandowski
100%
12 Brazil Borussia Mönchengladbach Raffael
95%
13 Germany Bayern Munich Thomas Müller
95%
16 Netherlands VfL Wolfsburg Bas Dost
86%
19 Germany Eintracht Frankfurt Alexander Meier
81%
13 Argentina Werder Bremen Franco Di Santo
62%
12 Japan Mainz 05 Shinji Okazaki
62%
12 Germany Bayer Leverkusen Karim Bellarabi
38%
No matching quizzes found
Score Distribution
Percent of People with Each Score
Percentile by Number Answered
Your Score History
You have not taken this quiz